| 000 | 01321cam a2200313 a 4500 | ||
|---|---|---|---|
| 999 |
_c4860 _d4860 |
||
| 003 | OSt | ||
| 005 | 20220330084544.0 | ||
| 008 | 061109s2008 maua 001 0 eng | ||
| 020 | _a9780073124810 (student ed. : acidfree paper) | ||
| 020 | _a9780073294780 (annotated instructor's ed. : acidfree paper) | ||
| 040 | _cDLC | ||
| 050 | 0 | 0 |
_aPE1408 _b.C537 2008 |
| 100 | 1 | _aClouse, Barbara Fine. | |
| 245 | 1 | 4 |
_aThe student writer : _beditor and critic / _cBarbara Fine Clouse. |
| 250 | _a7th ed. | ||
| 260 |
_aBoston : _bMcGraw- Hill, _c2008. |
||
| 300 |
_axxxvi, 696 p. : _bill. (some col.) ; _c23 cm. |
||
| 500 | _aIncludes index. | ||
| 650 | 0 |
_aEnglish language _xRhetoric. |
|
| 650 | 0 | _aReport writing. | |
| 650 | 0 | _aCriticism. | |
| 650 | 0 | _aEditing. | |
| 856 | 4 | 2 | _uhttp://www.loc.gov/catdir/enhancements/fy0739/2006047035-b.html |
| 856 | 4 | 2 | _uhttp://www.loc.gov/catdir/enhancements/fy0739/2006047035-d.html |
| 856 | 4 | 1 | _uhttp://www.loc.gov/catdir/enhancements/fy0739/2006047035-t.html |
| 906 |
_a7 _bcbc _corignew _d1 _eocip _f20 _gy-gencatlg |
||
| 942 |
_2lcc _cBK _nMM |
||